| 000 | 00627cam a2200229 4500 | ||
|---|---|---|---|
| 001 | M1309 | ||
| 008 | 090401t1993 xxu||||| |||| 00| 0 eng d | ||
| 035 | _a(Sirsi) u31064 | ||
| 041 | _aeng | ||
| 050 | _a333.0062 | ||
| 090 | _aRICS 1993/7A | ||
| 100 | _aJonas, Christopher | ||
| 245 | _aSouth London Branch seminar, 9 February 1993: speech by the President of the Royal Institution of Chartered Surveyors. | ||
| 260 |
_aLondon _bRICS _c1993 |
||
| 300 | _a3p. ; 30cm. | ||
| 350 | _a0 | ||
| 650 |
_aEnvironment _96238 |
||
| 650 | _aRICS SOUTH LONDON BRANCH | ||
| 650 | _aSPEECHES | ||
| 942 | _n0 | ||
| 948 | _c04/03/1997 | ||
| 999 |
_c89548 _d89548 |
||